[Event "Rhein Main op 11th"]
[Site "Bad Homburg"]
[Date "2008.05.23"]
[Round "4"]
[White "Pfleger, Jochen"]
[Black "Ploetz, Hans Juergen"]
[Result "1/2-1/2"]
[WhiteElo "1877"]
[BlackElo "1413"]
[PlyCount "48"]
[EventDate "2008.05.21"]
[EventType "swiss"]
[EventRounds "7"]
[EventCountry "GER"]
[SourceTitle "CBM 124 Extra"]
[Source "ChessBase"]
[SourceDate "2008.07.03"]
[SourceVersion "1"]
[SourceVersionDate "2008.07.03"]
[SourceQuality "1"]

1. c4 Nf6 2. Nf3 d6 3. d4 Nbd7 4. g3 c6 5. Bg2 e5 6. dxe5 dxe5 7. 0-0 Be7 8. h3 0-0 9. Be3 Qc7 10. Nc3 Nb6 11. Qb3 Be6 12. Nd2 Rad8 13. a4 Qb8 14. a5 Nbd7 15. Nce4 Nxe4 16. Nxe4 h6 17. Qc3 f5 18. Nd2 Bf6 19. Rfd1 c5 20. Nb3 b6 21. Qc1 Qc7 22. f3 b5 23. Nd2 f4 24. Bf2 b4 1/2-1/2

[Event "GER-chT U20"]
[Site "Kelheim"]
[Date "2007.12.29"]
[Round "6.2"]
[White "Schneider, Christian"]
[Black "Pfleger, Jochen"]
[Result "1-0"]
[WhiteElo "1964"]
[BlackElo "1660"]
[PlyCount "57"]
[EventDate "2007.12.27"]
[EventType "team-swiss"]
[EventRounds "7"]
[EventCountry "GER"]
[SourceTitle "EXT 2022"]
[Source "ChessBase"]
[SourceDate "2021.10.06"]
[SourceVersion "1"]
[SourceVersionDate "2021.10.06"]
[SourceQuality "1"]
[WhiteTeam "Stadtilm Blau Weiss U20"]
[BlackTeam "Bad Mergentheim U20"]
[WhiteTeamCountry "GER"]
[BlackTeamCountry "GER"]

1. e4 e6 2. d3 d5 3. Qe2 Be7 4. Nd2 Nf6 5. Ngf3 c5 6. g3 Nc6 7. Bg2 0-0 8. 0-0 Re8 9. e5 Nd7 10. Re1 b5 11. h4 f6 12. exf6 Bxf6 13. Nf1 e5 14. Ng5 Nb6 15. Qh5 h6 16. Nf7 Qe7 17. Nd6 Bg4 18. Qxg4 Qxd6 19. Bxh6 Nb4 20. Re2 c4 21. dxc4 bxc4 22. Ne3 Kh7 23. Bg5 e4 24. Bh3 g6 25. h5 Bxg5 26. Qxg5 Re5 27. hxg6+ Kg8 28. Qh6 Qc7 29. Ng4 1-0

[Event "GER-ch U25"]
[Site "Willingen"]
[Date "2007.05.29"]
[Round "5"]
[White "Billing, Christian"]
[Black "Pfleger, Jochen"]
[Result "1-0"]
[WhiteElo "2118"]
[BlackElo "1918"]
[PlyCount "55"]
[EventDate "2007.05.26"]
[EventType "swiss"]
[EventRounds "9"]
[EventCountry "GER"]
[SourceTitle "CBM 118 Extra"]
[Source "ChessBase"]
[SourceDate "2007.07.04"]
[SourceVersion "1"]
[SourceVersionDate "2007.07.04"]
[SourceQuality "1"]

1. e4 e6 2. d3 d5 3. Nd2 Nf6 4. Ngf3 Be7 5. g3 b6 6. e5 Nfd7 7. Bg2 c5 8. 0-0 Nc6 9. Re1 Qc7 10. Qe2 0-0 11. Nf1 Ba6 12. c3 Rac8 13. h4 c4 14. d4 b5 15. N1h2 b4 16. Ng5 h6 17. Nh3 bxc3 18. bxc3 Rb8 19. Qh5 Rfc8 20. Re3 Bf8 21. Ng4 Ne7 22. Rf3 Nf5 23. Rxf5 exf5 24. Qxf5 g6 25. Qf4 Rb6 26. Bxd5 Nb8 27. Nxh6+ Bxh6 28. Qxh6 1-0

[Event "GER-ch U25"]
[Site "Willingen"]
[Date "2007.05.28"]
[Round "4"]
[White "Pfleger, Jochen"]
[Black "Bauer, Hermann"]
[Result "1/2-1/2"]
[WhiteElo "1918"]
[BlackElo "1266"]
[PlyCount "34"]
[EventDate "2007.05.26"]
[EventType "swiss"]
[EventRounds "9"]
[EventCountry "GER"]
[SourceTitle "CBM 118 Extra"]
[Source "ChessBase"]
[SourceDate "2007.07.04"]
[SourceVersion "1"]
[SourceVersionDate "2007.07.04"]
[SourceQuality "1"]

1. c4 c5 2. Nf3 Nc6 3. d4 cxd4 4. Nxd4 Nf6 5. Nc3 e5 6. Nf3 Bb4 7. Bg5 h6 8. Bxf6 Bxc3+ 9. bxc3 gxf6 10. Qd6 Qe7 11. 0-0-0 Qxd6 12. Rxd6 Ke7 13. c5 b6 14. Nh4 bxc5 15. Nf5+ Kf8 16. Rxf6 d6 17. e4 Be6 1/2-1/2

[Event "Baden-ch HT2"]
[Site "Oberwinden"]
[Date "2007.04.08"]
[Round "3"]
[White "Bohnert, Peter"]
[Black "Pfleger, Jochen"]
[Result "1-0"]
[WhiteElo "1870"]
[BlackElo "1918"]
[PlyCount "55"]
[EventDate "2007.04.06"]
[EventType "swiss"]
[EventRounds "9"]
[EventCountry "GER"]
[SourceTitle "CBM 117 Extra"]
[Source "ChessBase"]
[SourceDate "2007.05.09"]
[SourceVersion "1"]
[SourceVersionDate "2007.05.09"]
[SourceQuality "1"]

1. f4 d5 2. Nf3 Nf6 3. e3 Bf5 4. b3 c5 5. Bb2 Nc6 6. Bb5 a6 7. Bxc6+ bxc6 8. Ne5 Qb6 9. d3 Nd7 10. Nxd7 Bxd7 11. c4 a5 12. Nc3 a4 13. Qc2 axb3 14. axb3 Rxa1+ 15. Bxa1 d4 16. Na4 Qb4+ 17. Kf2 dxe3+ 18. Kxe3 Bf5 19. Bc3 Qb8 20. Be5 Qa7 21. Ra1 f6 22. Bb2 e6 23. Nc3 Qb7 24. g4 Bxg4 25. Qg2 Bf5 26. Nb5 Qb6 27. Ra6 Qd8 28. Ra8 1-0

[Event "GER-chT U12"]
[Site "Verden an der Aller"]
[Date "2003.12.28"]
[Round "3.2"]
[White "Pfleger, Jochen"]
[Black "Helmund, Thomas"]
[Result "1/2-1/2"]
[WhiteElo "1214"]
[BlackElo "1224"]
[PlyCount "131"]
[EventDate "2003.12.27"]
[EventType "team-swiss"]
[EventRounds "7"]
[EventCountry "GER"]
[SourceTitle "EXT 2022"]
[Source "ChessBase"]
[SourceDate "2021.10.06"]
[SourceVersion "1"]
[SourceVersionDate "2021.10.06"]
[SourceQuality "1"]
[WhiteTeam "Bad Mergentheim"]
[BlackTeam "Waltershausen"]
[WhiteTeamCountry "GER"]
[BlackTeamCountry "GER"]

1. c4 Nf6 2. Nc3 e6 3. g3 c6 4. Bg2 d5 5. cxd5 cxd5 6. d4 Bb4 7. a3 Bxc3+ 8. bxc3 Nc6 9. Bf4 Bd7 10. Nf3 Ne4 11. Qd3 Qa5 12. Bd2 Rc8 13. c4 Nxd2 14. Nxd2 dxc4 15. Qxc4 Ne5 16. Qb4 Qc7 17. 0-0 Nc6 18. Qb2 0-0 19. Rfc1 Qb6 20. Qxb6 axb6 21. e3 Na5 22. e4 Rfe8 23. Rab1 b5 24. f4 f5 25. exf5 exf5 26. Kf2 Bc6 27. Bxc6 bxc6 28. Rc5 g6 29. Re5 Rcd8 30. Ke3 Ra8 31. Kd3 Rxe5 32. fxe5 Nb7 33. Rb3 Kg7 34. Rc3 Nd8 35. Nf3 Kh6 36. h4 Kh5 37. Ng5 h6 38. Nh7 Kg4 39. Nf6+ Kxg3 40. d5 cxd5 41. Kd4+ Kxh4 42. Kxd5 Ra6 43. Nd7 g5 44. Nc5 Rg6 45. e6 Nxe6 46. Nxe6 g4 47. Nf4 Rg8 48. Rb3 g3 49. Rxb5 g2 50. Nxg2+ Rxg2 51. a4 f4 52. Ke4 Kg4 53. Rb6 Re2+ 54. Kd3 f3 55. Rg6+ Kh3 56. Rxh6+ Kg2 57. Rg6+ Kf1 58. a5 Rg2 59. Rf6 f2 60. a6 Kg1 61. a7 Rg8 62. Kc4 Ra8 63. Rg6+ Kf1 64. Rg7 Ke1 65. Re7+ Kd2 66. Rf7 1/2-1/2

[Event "Baden-ch U12"]
[Site "Bad Mergentheim"]
[Date "2003.01.05"]
[Round "3"]
[White "Kaczmarczyk, Dennis"]
[Black "Pfleger, Jochen"]
[Result "1-0"]
[WhiteElo "1118"]
[BlackElo "1171"]
[PlyCount "109"]
[EventDate "2003.01.04"]
[EventType "swiss"]
[EventRounds "7"]
[EventCountry "GER"]
[SourceTitle "EXT 2005"]
[Source "ChessBase"]
[SourceDate "2004.11.15"]
[SourceVersion "1"]
[SourceVersionDate "2004.11.15"]
[SourceQuality "1"]

1. c4 e5 2. Nc3 Nf6 3. g3 d5 4. cxd5 Nxd5 5. Bg2 c6 6. d3 Be6 7. Nf3 Nd7 8. Ng5 Be7 9. Nxe6 fxe6 10. 0-0 0-0 11. e4 N5b6 12. Qe2 Bc5 13. Be3 Bd4 14. Qd2 Nf6 15. Ne2 Rf7 16. Bh3 Qd6 17. Bxd4 exd4 18. Nf4 e5 19. Ne2 Kh8 20. f4 Nbd7 21. Bxd7 Nxd7 22. Rf2 Raf8 23. Raf1 h6 24. fxe5 Nxe5 25. Rxf7 Rxf7 26. Rxf7 Nxf7 27. Qf4 Qxf4 28. gxf4 c5 29. e5 Kg8 30. Ng3 g6 31. Ne4 b6 32. e6 Kf8 33. exf7 Kxf7 34. b3 Ke6 35. Kf2 Kf5 36. Kf3 g5 37. fxg5 hxg5 38. Nd6+ Ke5 39. Nc8 b5 40. Nxa7 c4 41. bxc4 bxc4 42. dxc4 g4+ 43. Ke2 Ke4 44. c5 Kd5 45. c6 Kd6 46. Kd3 Kc7 47. Kxd4 Kb6 48. Kd5 Kc7 49. Kc5 Kb8 50. Kd6 Ka8 51. Kd7 Kb8 52. c7+ Kxa7 53. c8Q g3 54. Kc7 gxh2 55. Qb7# 1-0